| 000 | 00420nam a2200157 a 4500 | ||
|---|---|---|---|
| 001 | 4743 | ||
| 003 | CDMR | ||
| 005 | 20130930123152.0 | ||
| 008 | 130130s1984||||||||||||||||||||||||||||d | ||
| 040 |
_aCDMR _bcat _cCDMR |
||
| 245 | 0 | _aHacia la Europa de la televisión | |
| 260 |
_aMadrid _c1984 _bComunidad Europea. Comisión de las Comunidades Europeas |
||
| 300 | _a11 p. | ||
| 490 | 0 |
_aDocumentos 84, _v16 |
|
| 942 |
_cMON _2udc |
||
| 999 |
_c4743 _d4743 |
||